Quo Vadis Lean?
Čo je to štíhly podnik. Štruktúra štíhleho podniku. Manažment znalostí a rozvoj podnikovej kultúry. Prvky konceptu štíhleho podniku: štíhla výroba, štíhla logistika, štíhly vývoj a štíhla administratíva. Využitie metódy Six sigma a Teórie obmedzení (TOC - theory of constraints).
Na minha lista:
| Autor principal: | |
|---|---|
| Formato: | Capítulo de Livro |
| Idioma: | tcheco |
| Assuntos: | |
| Tags: |
Sem tags, seja o primeiro a adicionar uma tag!
|
MARC
| LEADER | 00000naa$a2200000$$$4500 | ||
|---|---|---|---|
| 001 | 0034177 | ||
| 005 | 20231106122249.8 | ||
| 041 | 0 | |a cze | |
| 044 | |a CZ | ||
| 245 | 1 | 0 | |a Quo Vadis Lean? |c Ján Košturiak |
| 520 | |a Čo je to štíhly podnik. Štruktúra štíhleho podniku. Manažment znalostí a rozvoj podnikovej kultúry. Prvky konceptu štíhleho podniku: štíhla výroba, štíhla logistika, štíhly vývoj a štíhla administratíva. Využitie metódy Six sigma a Teórie obmedzení (TOC - theory of constraints). | ||
| 610 | 2 | 0 | |a riadenie podnikové |
| 610 | 2 | 0 | |a metódy riadenia |
| 610 | 2 | 0 | |a výroba štíhla |
| 610 | 2 | 0 | |a manažment |
| 610 | 2 | 0 | |a výroba |
| 610 | 2 | 0 | |a administratíva |
| 610 | 2 | 0 | |a vývoj |
| 610 | 2 | 0 | |a logistika |
| 610 | 2 | 0 | |a kultúra podniková |
| 610 | 2 | 0 | |a vedomosti |
| 100 | 1 | |a Košturiak, Ján | |